LEADER 01609nam 2200421 450 001 000015491 005 20050718115600.0 010 $a3-540-15295-4 100 $a20030728d1985----km-y0itay0103----ba 101 0 $aeng 102 $aDE 200 1 $aElliptic functions$fK. Chandrasekharan 210 $aBerlin [etc.]$cSpringer$dc1985 215 $aXI, 189 p.$cill.$d25 cm. 225 2 $aGrundlehren der mathematischen Wissenschaften$v281 410 0$12001$aGrundlehren der mathematischen Wissenschaften 606 $aFunzioni ellittiche 676 $a515.983$v(21. ed.)$9Funzioni di variabile complessa. Funzioni ellittiche 691 $a11-XX$9Number theory 691 $a30-XX$9Functions of a complex variable 691 $a33-XX$9Special functions 691 $a33E05$9Special functions. Elliptic functions and integrals 700 1$aChandrasekharan,$bK.$041838 801 0$aIT$bUniversità della Basilicata - B.I.A.$gRICA$2unimarc 912 $a000015491 996 $aElliptic functions$982785 997 $aUNIBAS BAS $aMONSCI BAS $aSCIENZE CAT $aEXT003$b01$c20030728$lBAS01$h1617 CAT $c20050601$lBAS01$h1755 CAT $abatch$b01$c20050718$lBAS01$h1052 CAT $c20050718$lBAS01$h1111 CAT $c20050718$lBAS01$h1141 CAT $c20050718$lBAS01$h1156 FMT Z30 -1$lBAS01$LBAS01$mBOOK$1BASA2$APolo Tecnico-Scientifico$2GEN$BCollezione generale$3MAT$662668$5S62668$820030728$f51$FRiservati Z30 -1$lBAS01$LBAS01$mBOOK$1BASA2$APolo Tecnico-Scientifico$2GEN$BCollezione generale$3MAT$662909$5S62909$820030728$f51$FRiservati LEADER 01381nam0 2200325 450 001 000019663 005 20070213030811.0 010 $a88-8184-366-8 100 $a20070213d2005----km-y0itaa50------ba 101 0 $aita 102 $aIT 200 1 $a<> manuale della rintracciabilità$eguida pratica all'elaborazione secondo l'art. 18 del Regolamento CE 178 del 28 gennaio 2002$fLara Bacci, Silvia Rabazzi 210 $aRoma$cEPC LIBRI$dc2005 215 $a207 p.$d21 cm.$e1 CD ROM 225 2 $aAlimenti 300 $aContiene software applicativo per redigere il manuale 410 1$12001$aAlimenti 606 1 $aAlimenti$xLegislazione comunitaria 676 $a344.04232$v(21. ed.)$9Diritto. Problemi e servizi sociali vari. Controllo dei prodotti. Alimenti 700 1$aBacci,$bLara$0432865 701 1$aRabazzi,$bSilvia$0432866 801 0$aIT$bUniversità della Basilicata - B.I.A.$gRICA$2unimarc 912 $a000019663 996 $aManuale della rintracciabilit?$986621 997 $aUNIBAS BAS $aAGRARIA CAT $aTTM$b30$c20070213$lBAS01$h0308 FMT Z30 -1$lBAS01$LBAS01$mBOOK$1BASA2$APolo Tecnico-Scientifico$2DID$BDidattica$3PTS.s4.p38.3$6105264$5T105264$820070213$f98$FConsultazione Z30 -1$lBAS01$LBAS01$mBOOK$1BASA2$APolo Tecnico-Scientifico$2DID$BDidattica$3PTS.s4.p38.3A$6105265$5T105265$820070213$f04$FPrestabile Didattica